MARC

LEADER 00000nam0a2200000 4500
001 142093
005 20231031142636.0
035 |a (RuTPU)RU\TPU\book\153998 
090 |a 142093 
100 |a 20080901d1970 km y0rusy50 ca 
101 0 |a rus 
102 |a RU 
105 |a a z 001zy 
200 1 |a Минерагения Сибирской платформы  |f Всесоюзный научно-исследовательский геологический институт (ВСЕГЕИ; П. М. Татаринова; Ю. Г. Старицкого 
210 |a Москва  |c Недра  |d 1970 
215 |a 208 с.  |c ил. 
320 |a Библиогр.: с. 190-208. 
610 1 |a геология 
610 1 |a Сибирская платформа 
610 1 |a полезные ископаемые 
610 1 |a происхождение 
610 1 |a стратиграфия 
610 1 |a магматизм 
610 1 |a тектоническое строение 
610 1 |a минерагения 
675 |a 55(с18)  |v 3 
702 1 |a Татаринов  |b П. М.  |g Павел Михайлович  |4 340 
702 1 |a Старицкий  |b Ю. Г.  |4 340 
712 0 2 |a Всесоюзный научно-исследовательский геологический институт (ВСЕГЕИ)  |c (Ленинград)  |c (1939-1991)  |2 stltpush  |3 (RuTPU)RU\TPU\col\11367 
801 1 |a RU  |b 63413507  |c 20080901  |g PSBO 
801 2 |a RU  |b 63413507  |c 20190729  |g PSBO 
942 |c BK